000
00218 a2200097 4500
001
27752
100
_a
Blumenthal, L A
245
_a
The art of letter writing
260
_a
_b
Grosset & Dunlop
_c
090
_c
18540
_d
18540
942
_a
NUST-CAE
_c
M
_c
9492
999
_c
262825
_d
262825